[Event "Santo Domingo Autumn op"]
[Site "Santo Domingo"]
[Date "2016.10.07"]
[Round "4"]
[White "Araujo Sanchez, Josue"]
[Black "Santana, Jeremy Saul"]
[Result "1-0"]
[WhiteElo "1781"]
[BlackElo "1630"]
[PlyCount "59"]
[EventDate "2016.10.07"]
[EventType "swiss"]
[EventRounds "8"]
[EventCountry "DOM"]
[SourceTitle "CBM 175 Extra"]
[Source "ChessBase"]
[SourceDate "2016.12.12"]
[SourceVersion "1"]
[SourceVersionDate "2016.12.12"]
[SourceQuality "1"]

1. e4 c5 2. Nf3 Nc6 3. g3 b6 4. Bg2 Bb7 5. d3 g6 6. 0-0 Bg7 7. Re1 e5 8. Nc3 Nf6 9. Be3 0-0 10. h3 Re8 11. Qd2 Qc7 12. Bg5 Ne7 13. Nh4 Qd6 14. Rad1 Qe6 15. f4 exf4 16. gxf4 h6 17. f5 Qe5 18. Bf4 Qd4+ 19. Be3 Qe5 20. Nf3 Qg3 21. Bf4 Nxe4 22. dxe4 Bd4+ 23. Kh1 Qf2 24. Re2 Qxe2 25. Nxe2 g5 26. Nexd4 cxd4 27. Bxg5 hxg5 28. Qxg5+ Kf8 29. f6 Ng6 30. Qh6+ 1-0